000 00338cam a22001217a 4500
008 180718b1926 xxu||||| |||| 00| 0 eng d
082 _aA99 Iy9t
100 _aIyar, C.S. Ranga
245 _aThree years in the Assembly
_cby C.S.Ranga Iyar
260 _aLucknow
_bIndian Daily Telegraph
_c1926
300 _a63p.
650 _aIyer, C.S. Ranga
999 _c371245
_d371245